Der begriff der ehrlosen gesinnung im Strafrecht (Registro nro. 76188)
[ vista simple ]
| 000 -LEADER | |
|---|---|
| campo de control de longitud fija | 00474nam a2200145 i 4500 |
| 001 - NÚMERO DE CONTROL | |
| campo de control | 76188 |
| 003 - IDENTIFICADOR DE NÚMERO DE CONTROL | |
| campo de control | ES-MaACL |
| 007 - CAMPO FIJO DE DESCRIPCIÓN FÍSICA--INFORMACIÓN GENERAL | |
| campo de control de longitud fija | t| |
| 008 - DATOS DE LONGITUD FIJA--INFORMACIÓN GENERAL | |
| campo de control de longitud fija | 040929s1921 gw ||||1| ger d |
| 100 1# - ENTRADA PRINCIPAL--NOMBRE DE PERSONA | |
| Nombre de persona | Guckenheimer, E. |
| 9 (RLIN) | 60383 |
| 245 14 - MENCIÓN DEL TÍTULO | |
| Título | Der begriff der ehrlosen gesinnung im Strafrecht |
| Resto del título | : ein beitrag zur strafreichen beurteilung politischer Verbrecher / |
| Mención de responsabilidad, etc. | von E. Guckenheimer. |
| 260 ## - PUBLICACIÓN, DISTRIBUCIÓN, ETC. | |
| Lugar de publicación, distribución, etc. | Hamburg : |
| Nombre del editor, distribuidor, etc. | W. Gente, |
| Fecha de publicación, distribución, etc. | 1921. |
| 300 ## - DESCRIPCIÓN FÍSICA | |
| Extensión | 112 p. ; |
| Dimensiones | 23 cm. |
| 852 ## - LOCALIZACIÓN | |
| Ubicación | ES-MaACL |
| Número de control de estantería | G-13845 |
| Estatus retirado | Estado de pérdida | Estado de daño | No para préstamo | Biblioteca de origen | Biblioteca actual | Ubicación en estantería | Fecha de adquisición | Fuente de adquisición | Total de préstamos | Signatura topográfica completa | Código de barras | Visto por última vez | Precio de reemplazo | Tipo de ítem Koha |
|---|---|---|---|---|---|---|---|---|---|---|---|---|---|---|
| Biblioteca del Ateneo de Madrid | Biblioteca del Ateneo de Madrid | Sala Pecera Planta 3 | 17/01/2008 | G-13845 | 1079734 | 23/02/2023 | 23/02/2023 | Libro impreso |
